The Only Remaining 2022 Dodger . . . - Statistics

General Stats
  • This quiz has been taken 3 times
  • The average score is 2 of 51
Answer Stats
Clue Player % Correct
To hit 25 or more home runs with the team Mookie Betts
100%
To hit 40 or more doubles with the team Freddie Freeman
33%
To get 140 or more hits with the team Trea Turner
33%
To be hit by 10 or more pitches with the team Will Smith
33%
To earn 5 or more wins and no losses with the team Alex Vesia
0%
To have two feet Andre Jackson
0%
To allow 8 or more home runs with the team Andrew Heaney
0%
To score 20 or more runs with the team Austin Barnes
0%
Not to earn a save with the team Blake Treinen
0%
To earn 3 or more saves with the team Brusdar Graterol
0%
To pitch 30 or more innings with the team Caleb Ferguson
0%
To share a name with a member of Coldplay Chris Martin
0%
To steal 10 or more bases with the team Chris Taylor
0%
To start 20 or more games with the team Clayton Kershaw
0%
To drive in 50 or more runs with the team Cody Bellinger
0%
To earn 5 or more losses with the team Craig Kimbrel
0%
To earn 5 or more saves with the team Daniel Hudson
0%
To pitch in 40 or more games with the team David Price
0%
Not to appear in relief with the team Dustin May
0%
To start a game at third base with the team Eddy Alvarez
0%
To be caught stealing with the team Edwin Rios
0%
To have an ERA below 2.00 in at least 60 innings pitched with the team Evan Phillips
0%
To have an ERA above 10.00 with the team Garrett Cleavinger
0%
To hit 5 or more triples with the team Gavin Lux
0%
To pitch 10 or more innings and take 150 or more at-bats with the team Hanser Alberto
0%
To intentionally walk a batter with the team Heath Hembree
0%
To ground into 3 or more double plays with the team Jake Lamb
0%
To have unique facial hair Jake Reed
0%
To hit a home run with the team James Outman
0%
To take 50 or more at-bats with the team Joey Gallo
0%
To strikeout 150 or more batters with the team Julio Urias
0%
To finish 5 or more games with the team Justin Bruihl
0%
To draw 50 or more walks with the team Justin Turner
0%
To take an at-bat with the team Kevin Pillar
0%
To have a batting average under .200 in at least 200 at-bats with the team Max Muncy
0%
To start a game with the team Michael Grove
0%
To start a game at first base with the team Miguel Vargas
0%
To strike out 40 or more batters with the team Mitch White
0%
To pitch in 60 or more games with the team Phil Bickford
0%
To be born internationally Reyes Moronta
0%
To be under 6 feet tall Robbie Erlin
0%
To walk 25 or more batters with the team Ryan Pepiot
0%
To have an ERA of 0.00 with the team Shane Greene
0%
To have a WHIP under 1.000 with the team Tommy Kahnle
0%
To earn 15 or more wins with the team Tony Gonsolin
0%
To start a game at catcher with the team Tony Wolters
0%
To hit 10 or more home runs with the team Trayce Thompson
0%
To start 25 or more games with the team Tyler Anderson
0%
To have an ERA above 4.00 and at least 8 starts with the team Walker Buehler
0%
To allow less than 20 hits in more than 30 innings pitched with the team Yency Almonte
0%
To pinch-hit and pinch-run with the team Zach McKinstry
0%
No matching quizzes found
Score Distribution
Percent of People with Each Score
Percentile by Number Answered
Your Score History
You have not taken this quiz